Early Christian Ireland 1st Year Quiz - Statistics

General Stats
  • This quiz has been taken 34 times
  • The average score is 7 of 13
Answer Stats
Hint Answer % Correct
Who brought Christianity to Ireland? St. Patrick
94%
What book made by Irish monks contains the four Gospels decorated with incredible artwork. Monks spent years creating each intricate page using gold, silver, and vibrant colors? Book of Kells
78%
True or false, Viking helmets had horns? False
78%
What plant did St. Patrick use to explain the Holy Trinity to the Irish people? Shamrock
78%
What did St. Patrick supposedly banish from Ireland? Snakes
67%
Which group raided Irish monasteries starting in 795AD? Vikings
67%
What is the name of the pre-Christian writing used in Ireland (Hint: swirls) Ogham
56%
What is the name of the pre-Christian pagan festival that is heavily related to modern day Halloween? Samhain
39%
What did the early Christians build that doubled as lookouts and treasure vaults? These tall, thin structures are found nowhere else in Europe. Round towers
33%
Where was St. Patrick born? Wales
28%
What female Irish saint supposedly had a cloak that grew and grew? St. Bridget
22%
What word starting with the letter 'C' refers to the tradition in Ireland before Christianity Celtic
17%
What nickname was given to Ireland during the Early Christian period? Land of Saints and Scholars
6%
No matching quizzes found
Score Distribution
Percent of People with Each Score
Percentile by Number Answered
Your Score History
You have not taken this quiz